000 00298 a2200145 4500
001 62680
020 _a9788575552209
040 _cAnchieta - Pituba
240 1 0 _aCarta da terra
_lpor
245 1 0 _aCarta da terra
300 _a34
362 0 _a2010
650 4 _aLiteratura juvenil
942 _cBK
999 _c62680
_d62680